| 000 | 00480cam a22001812 4500 | ||
|---|---|---|---|
| 001 | 0000000538 | ||
| 005 | 20151217155803.0 | ||
| 008 | 070208s xx 000 0 eng d | ||
| 040 |
_aKABU _cKABU |
||
| 050 | 0 |
_aDT443.3 _b.N92C43 |
|
| 100 | 1 |
_aCharley, S. R. _@0000148758 |
|
| 245 | 1 | 4 | _aThe Princess of Nyakyusa. |
| 260 |
_aNairobi : _bEAPH, _c1969. |
||
| 300 | _axii, 125 p. | ||
| 908 | _a070208 | ||
| 950 | _@1 | ||
| 999 |
_c12388 _d12388 |
||